Manual on procedures for disease eradication by stamping out

Shranjeno v:
Bibliografske podrobnosti
Glavni avtor: William A. Geering
Format: Knjiga
Jezik:Undetermined
Izdano: Rome, Italy FAO 2001
Teme:
Oznake: Označite
Brez oznak, prvi označite!
Thư viện lưu trữ: Trung tâm Học liệu Trường Đại học Cần Thơ
LEADER 00523nam a2200169Ia 4500
001 CTU_47855
008 210402s9999 xx 000 0 und d
082 |a 636.089 
082 |b G296 
100 |a William A. Geering 
245 0 |a Manual on procedures for disease eradication by stamping out 
245 0 |c William A. Geering, Mary-Louise Penrith, and David Nyakahuma 
260 |a Rome, Italy 
260 |b FAO 
260 |c 2001 
650 |a veterinary medicine 
980 |a Trung tâm Học liệu Trường Đại học Cần Thơ